Wszystkie miasta województwa mazowieckiego - Quiz na mapie - Statystyki

Ogólne statystyki
  • Ten quiz został rozwiązany 8 razy
  • Średni wynik to 15 z 111
Odpowiedzi na mapie
Odpowiedzi zakodowano w zielono-czerwonej skali na mapie do tego quizu, zgodnie z poniższymi procentami.
 
Statystyki odpowiedzi
Odpowiedź % Poprawnych
Warszawa
80%
Kosów Lacki
60%
Ostrołęka
60%
Radzymin
60%
Siedlce
60%
Tłuszcz
60%
Węgrów
60%
Ciechanów
40%
Jadów
40%
Kobyłka
40%
Łosice
40%
Marki
40%
Mordy
40%
Ostrów Mazowiecka
40%
Pułtusk
40%
Radom
40%
Sokołów Podlaski
40%
Szydłowiec
40%
Wołomin
40%
Brok
20%
Chorzele
20%
Ciepielów
20%
Dobre
20%
Gąbin
20%
Grójec
20%
Iłża
20%
Kozienice
20%
Legionowo
20%
Łochów
20%
Magnuszew
20%
Maków Mazowiecki
20%
Mława
20%
Myszyniec
20%
Nowe Miasto
20%
Nowy Dwór Mazowiecki
20%
Płock
20%
Podkowa Leśna
20%
Pruszków
20%
Przasnysz
20%
Różan
20%
Solec nad Wisłą
20%
Sulejówek
20%
Wiskitki
20%
Wyszków
20%
Ząbki
20%
Zakroczym
20%
Zielonka
20%
Białobrzegi
0%
Bieżuń
0%
Błonie
0%
Bodzanów
0%
Brwinów
0%
Cegłów
0%
Czerwińsk nad Wisłą
0%
Drobin
0%
Garwolin
0%
Gielniów
0%
Glinojeck
0%
Głowaczów
0%
Góra Kalwaria
0%
Gostynin
0%
Grodzisk Mazowiecki
0%
Halinów
0%
Jastrząb
0%
Jedlnia-Letnisko
0%
Józefów
0%
Kałuszyn
0%
Karczew
0%
Kazanów
0%
Konstancin-Jeziorna
0%
Łaskarzew
0%
Latowicz
0%
Lipsko
0%
Łomianki
0%
Lubowidz
0%
Maciejowice
0%
Milanówek
0%
Mińsk Mazowiecki
0%
Mogielnica
0%
Mrozy
0%
Mszczonów
0%
Nasielsk
0%
Nowe Miasto nad Pilicą
0%
Odrzywół
0%
Osieck
0%
Otwock
0%
Ożarów Mazowiecki
0%
Piaseczno
0%
Piastów
0%
Pilawa
0%
Pionki
0%
Płońsk
0%
Przysucha
0%
Przytyk
0%
Raciąż
0%
Sanniki
0%
Serock
0%
Siennica
0%
Sienno
0%
Sierpc
0%
Skaryszew
0%
Sochaczew
0%
Sochocin
0%
Tarczyn
0%
Warka
0%
Wyśmierzyce
0%
Wyszogród
0%
Żelechów
0%
Żuromin
0%
Zwoleń
0%
Żyrardów
0%
Nie znaleziono quizów pasujących do podanych kryteriów
Rozkład punktacji
Procent ludzi z każdym wynikiem
Percentyl według liczby udzielonych odpowiedzi
Twoja historia wyników
Nie rozwiązałeś tego quizu